000 00879nam a2200205Ia 4500
001 b2491-23110 [1659]
003 IT-MiCISF
008 161014s9999||||xx |||||||||||||| ||und||
040 _aIT-MiCISF
_cIT-MiCISF
041 _ait
100 _aVerspieren Patrick (a cura di)
245 0 _aBiologia, medicina ed etica
_bTesti del magistero cattolico
250 _a1a ed.
260 _aBrescia
_bQueriniana
_c1990 [Edizione originale: 1987]
300 _app. 585
500 _aVerspieren P., Baione R., Picachy L.T., Little T.F., Bernardin J.L., Suenens J., Casey L.B. / bioetica, magistero, procreazione-artificiale, aborto-terapeutico, sterilizzazione, parto, sterilità, aborto, eutanasia, accoglienza-della-vita, diagnosi-prenatale, sanità, evangelizzazione, corpo, diritti-umani, trapianti, morte /
650 _abioetica
942 _cBK
957 _71
999 _a23110
_bsi
_g1
_c214976
_d214976